Οικονομική αποτίμηση των επιπτώσεων του τουρισμού και στατιστική ανάλυση της γεωργίας στις αγροτικές οικονομίες του νησιού της Λέσβου : η περίπτωση των δήμων Καλλονής, Πολυχνίτου, Αγίας Παρασκευής : διατριβή

Saved in:
Bibliographic Details
Main Author: Τσιλιμπής, Νικόλαος
Corporate Author: Πανεπιστήμιο Αιγαίου. Σχολή Περιβάλλοντος. Τμήμα Περιβάλλοντος. Πρόγραμμα Μεταπτυχιακών Σπουδών Περιβαλλοντική Πολιτική και Διαχείριση
Format: Thesis Book
Language:Greek
Published: 2007.
Subjects:
Online Access:http://hdl.handle.net/11610/15122
Tags: Add Tag
No Tags, Be the first to tag this record!

MARC

LEADER 00000cam a2200000 i 4500
001 1/103910
008 090408s2007 gre d
035 |l 10104227 
040 |a GR-MY-UA  |b gre  |e aacr 
041 0 |a gre 
082 0 |a 338.1  |2 (22) 
100 1 |a Τσιλιμπής, Νικόλαος. 
245 1 0 |a Οικονομική αποτίμηση των επιπτώσεων του τουρισμού και στατιστική ανάλυση της γεωργίας στις αγροτικές οικονομίες του νησιού της Λέσβου :   |b η περίπτωση των δήμων Καλλονής, Πολυχνίτου, Αγίας Παρασκευής : διατριβή /   |c Τσιλιμπής Νικόλαος ; επιβλέπων καθηγητής: Ματσίνος Ιωάννης.  
260 |c 2007.  
300 |a [126] σ. :   |b εικ. ;   |c 30 εκ.  
500 |a Περιέχει βιβλιογραφία.  
502 |a Διατριβή (μεταπτυχιακή) - Πανεπιστήμιο Αιγαίου, Λέσβος, 2007.  
650 0 |a Tourism  |z Greece  |z Lesbos (Municipality) 
650 0 0 |a Agriculture  |z Greece  |z Lesbos (Municipality) 
650 0 0 |a Agriculture  |x Economic aspects  |z Greece  |z Lesbos (Municipality) 
650 0 0 |a Agricultural surveys. 
650 0 0 |a Dissertations, Academic  |z Greece. 
700 1 |a Ματσίνος, Ιωάννης Γ.  |e dgs 
710 2 |a Πανεπιστήμιο Αιγαίου.   |b Σχολή Περιβάλλοντος.   |b Τμήμα Περιβάλλοντος.   |b Πρόγραμμα Μεταπτυχιακών Σπουδών Περιβαλλοντική Πολιτική και Διαχείριση. 
852 |a INST  |b LESVOS  |c DIATR  |e 20090408  |h 469  |p 005100045310  |q 005100045310  |t MTXE  |y 23 
852 |a INST  |b LESVOS  |c DIATR  |e 20090408  |h 470  |p 005100045311  |q 005100045311  |t MTXE  |y 23 
856 |u http://hdl.handle.net/11610/15122 
901 |a BIBL1-2009-1 
909 |a Λ  |b 130397 
909 |a Λ  |b 130396 
924 |a ΤΣΙΛΙΜΠΗΣ  |b ΝΙΚΟΛΑΟΣ  |y ΛΕΣΒΟΣ  |z 2007-11 
970 |a ΤΖΑΦΕΡΗ  |b ΕΥΑΓΓΕΛΙΑ  |z 2009/04/08